000 03156cpcaa2200553 a 4500
001 mm 84061798
003 DLC
005 20260227111721.0
007 cr |||||||||||
008 850417|||||||||||| eng
010 _amm 84061798
040 _aDLC
_cDLC
_dDLC
_edacs
072 7 _aR
_2lcmd
100 1 _aSchneider, J. Thomas
_q(John Thomas),
_d1895-1976.
245 0 0 _aJ. Thomas Schneider papers,
_f1915-1960
_g(bulk 1918-1929).
300 _a700
_fitems.
300 _a3
_fcontainers plus
_a1
_foversize.
300 _a1.2
_flinear feet.
506 0 _aOpen to research.
520 8 _aCorrespondence, memoranda, speeches, treaties, writings, maps, and other papers relating chiefly to Schneider's service as personal aide to Gen. John J. Pershing, commander-in-chief of the American Expeditionary Forces in Europe during and after World War I. Includes fragments of Pershing's diary (1921-1922) edited by Schneider; maps of the Meuse-Argonne and St. Mihiel campaigns and other French sites on the Western Front during World War I; correspondence between Schneider and David A. Shepherd relating to drafting Pershing for the 1924 Democratic presidential nomination; and material relating to the schooling of Pershing's son, Warren. Other correspondents include George E. Adamson, George C. Marshall, and John G. Quekemeyer.
544 _3Some photographs
_etransferred to
_aLibrary of Congress Prints and Photographs Division.
545 0 _aArmy officer, government official, and lawyer.
546 _aCollection material in English.
555 8 _aFinding aid available in the Library of Congress Manuscript Reading Room and at
_uhttp://hdl.loc.gov/loc.mss/eadmss.ms007088
600 1 0 _aAdamson, George E.
_vCorrespondence.
600 1 0 _aMarshall, George C.
_q(George Catlett),
_d1880-1959
_vCorrespondence.
600 1 0 _aPershing, Warren,
_d1909-1980.
600 1 0 _aQuekemeyer, John G.
_vCorrespondence.
600 1 0 _aShepherd, David A.
_q(David Alexander)
_vCorrespondence.
610 2 0 _aDemocratic Party (U.S.)
610 1 0 _aUnited States.
_bArmy.
_bAmerican Expeditionary Forces.
610 1 0 _aUnited States.
_bArmy
_xOfficers.
650 0 _aPresidential candidates
_zUnited States.
650 0 _aPresidents
_zUnited States
_xElection
_y1924.
650 0 _aArgonne, Battle of the, France, 1918.
650 0 _aWorld War, 1914-1918
_zEurope.
650 0 _aWorld War, 1914-1918
_xCampaigns
_zFrance.
650 0 _aWorld War, 1914-1918
_xCampaigns
_zMeuse River Valley.
650 0 _aWorld War, 1914-1918
_xCampaigns
_zWestern Front.
650 0 _aWorld War, 1914-1918
_vMaps.
656 7 _aArmy officers.
_2itoamc
656 7 _aLawyers.
_2itoamc
656 7 _aPublic officials.
_2itoamc
700 1 _aPershing, John J.
_q(John Joseph),
_d1860-1948.
_tJohn J. Pershing papers.
856 4 _3Finding aid
_uhttp://hdl.loc.gov/loc.mss/eadmss.ms007088
856 4 _3Finding aid (PDF)
_uhttp://hdl.loc.gov/loc.mss/eadmss.ms007088.3
999 _c44112
_d44112